Cálculo
Shranjeno v:
| Glavni avtor: | |
|---|---|
| Format: | Knjiga |
| Jezik: | španščina |
| Izdano: |
Ciudad de México, México
Pearson Educación
2010
|
| Izdaja: | Decimosegunda edición |
| Teme: | |
| Online dostop: | Disponible Online - vol.2 |
| Oznake: |
Označite
Brez oznak, prvi označite!
|
MARC
| LEADER | 00000cam a2200000 a 4500 | ||
|---|---|---|---|
| 001 | UCG6689 | ||
| 003 | CL-VaPUC | ||
| 005 | 20210601001418.0 | ||
| 008 | 110512e20100000MX |||||||||||||||||spa|d | ||
| 999 | |c 344840 |d 344838 | ||
| 020 | |a 9786073202091 v.2 | ||
| 040 | |c Pontificia Universidad Católica de Valparaíso | ||
| 082 | 0 | 4 | |a 515.15 THO 2010 |2 21 |
| 100 | 0 | |a Thomas, George Brinton |e author |9 557020 | |
| 245 | 1 | 0 | |a Cálculo |
| 250 | |a Decimosegunda edición | ||
| 260 | |a Ciudad de México, México |b Pearson Educación |c 2010 | ||
| 300 | |a 2 volúmenes | ||
| 505 | |a v.1. Una variable v.2. Varias variables | ||
| 583 | |a last modification |c 20130401 11:33:19 |k Rodrigo Vera | ||
| 650 | 0 | |a Derivadas |9 354237 | |
| 650 | 0 | |a Integrales |9 260233 | |
| 650 | 0 | |a Funciones |9 263869 | |
| 650 | 0 | |a Derivadas parciales |2 CL-VaPUC |9 419748 | |
| 650 | 0 | |a Análisis vectorial |9 260451 | |
| 856 | |u http://bibliografiadigital.pucv.cl.pucv.idm.oclc.org/index.php/bibliotecapucv/catalog/book/467 |y Disponible Online - vol.2 | ||
| 942 | |c BK |2 ddc | ||
| 945 | |d 20110512 00:00:00 |a jcampos | ||
| 952 | |0 0 |1 0 |4 0 |6 515_150000000000000_THO_2010 |7 0 |8 A |9 443129 |a BIBING |b BIBING |d 2019-11-22 |h v.2 |i 4775872 |l 4 |o 515.15 THO 2010 |p 4775872 |r 2025-01-20 |s 2022-10-17 |w 2019-11-22 |y BK |k EIE | ||
| 952 | |0 0 |1 0 |4 0 |6 515_150000000000000_THO_2010 |7 0 |8 A |9 443130 |a BIBING |b BIBING |d 2019-11-22 |h v.2 |i 4775880 |l 3 |o 515.15 THO 2010 |p 4775880 |r 2025-01-20 |s 2020-12-03 |w 2019-11-22 |y BK |k EIE | ||
| 952 | |0 0 |1 0 |4 0 |6 515_150000000000000_THO_2010 |7 0 |8 A |9 443131 |a BIBING |b BIBING |d 2019-11-22 |h v.2 |i 4775899 |l 1 |o 515.15 THO 2010 |p 4775899 |r 2025-01-20 |s 2020-03-16 |w 2019-11-22 |y BK |k EIE | ||
| 952 | |0 0 |1 0 |4 0 |6 515_150000000000000_THO_2010 |7 0 |8 A |9 443132 |a BIBING |b BIBING |d 2019-11-22 |h v.2 |i 4775902 |l 2 |o 515.15 THO 2010 |p 4775902 |r 2025-01-20 |s 2023-08-21 |w 2019-11-22 |y BK |k EIE | ||
| 952 | |0 0 |1 0 |2 ddc |4 0 |6 515_150000000000000_THO_2010 |7 0 |8 A |9 443133 |a BIBMEC |b BIBMEC |d 2019-11-22 |h v.2 |i 4860411 |o 515.15 THO 2010 |p 4860411 |r 2024-01-19 |w 2019-11-22 |y BK_P |k MEC | ||
| 952 | |0 0 |1 0 |2 ddc |4 0 |6 515_150000000000000_THO_2010 |7 0 |8 A |9 443134 |a BIBMEC |b BIBMEC |d 2019-11-22 |h v.2 |i 486042K |o 515.15 THO 2010 |p 486042K |r 2024-01-19 |w 2019-11-22 |y BK_P |k MEC | ||
| 952 | |0 0 |1 0 |2 ddc |4 0 |6 515_150000000000000_THO_2010 |7 0 |8 A |9 443135 |a BIBMEC |b BIBMEC |d 2019-11-22 |h v.2 |i 4860438 |o 515.15 THO 2010 |p 4860438 |r 2024-01-19 |w 2019-11-22 |y BK_P |k MEC | ||
| 952 | |0 0 |1 0 |2 ddc |4 0 |6 515_150000000000000_THO_2010 |7 0 |8 A |9 443136 |a BIBMEC |b BIBMEC |d 2019-11-22 |h v.2 |i 4860446 |o 515.15 THO 2010 |p 4860446 |r 2024-01-19 |w 2019-11-22 |y BK_P |k MEC | ||
| 952 | |0 0 |1 0 |2 ddc |4 0 |6 515_150000000000000_THO_2010 |7 0 |8 A |9 443137 |a BIBMEC |b BIBMEC |d 2019-11-22 |h v.2 |i 4879724 |o 515.15 THO 2010 |p 4879724 |r 2024-01-19 |w 2019-11-22 |y BK_P |k MEC | ||
| 952 | |0 0 |1 0 |2 ddc |4 0 |6 515_150000000000000_THO_2010 |7 0 |8 A |9 443138 |a BIBMEC |b BIBMEC |d 2019-11-22 |h v.2 |i 4879732 |l 3 |o 515.15 THO 2010 |p 4879732 |q 2025-05-19 |r 2025-05-05 |s 2025-05-05 |w 2019-11-22 |y BK_P |k MEC | ||
| 952 | |0 0 |1 0 |2 ddc |4 0 |6 515_150000000000000_THO_2010 |7 0 |8 A |9 443139 |a BIBMEC |b BIBMEC |d 2019-11-22 |h v.2 |i 4879740 |o 515.15 THO 2010 |p 4879740 |r 2024-01-19 |w 2019-11-22 |y BK_P |k MEC | ||
| 952 | |0 0 |1 0 |4 0 |6 515_150000000000000_THO_2010 |7 0 |8 A |9 443140 |a BIBING |b BIBING |d 2019-11-22 |h v.2 |i 4886909 |o 515.15 THO 2010 |p 4886909 |r 2023-03-02 |w 2019-11-22 |y BK |k ING | ||
| 952 | |0 0 |1 0 |4 0 |6 515_150000000000000_THO_2010 |7 0 |8 A |9 443141 |a BIBING |b BIBING |d 2019-11-22 |h v.2 |i 4886917 |l 2 |o 515.15 THO 2010 |p 4886917 |r 2025-01-20 |s 2024-05-07 |w 2019-11-22 |y BK |k ING | ||
| 952 | |0 0 |1 0 |4 0 |6 515_150000000000000_THO_2010 |7 0 |8 A |9 443142 |a BIBING |b BIBING |d 2019-11-22 |h v.2 |i 4886925 |o 515.15 THO 2010 |p 4886925 |r 2023-03-02 |w 2019-11-22 |y BK |k ING | ||
| 952 | |0 0 |1 0 |4 0 |6 515_150000000000000_THO_2010 |7 0 |8 A |9 443144 |a BIBING |b BIBING |d 2019-11-22 |h v.2 |i 4886941 |l 7 |m 1 |o 515.15 THO 2010 |p 4886941 |r 2025-01-20 |s 2024-06-18 |w 2019-11-22 |y BK |k ING | ||
| 952 | |0 0 |1 0 |4 0 |6 515_150000000000000_THO_2010 |7 0 |8 A |9 443145 |a BIBING |b BIBING |d 2019-11-22 |h v.2 |i 4959868 |l 1 |o 515.15 THO 2010 |p 4959868 |q 2022-08-24 |r 2022-08-17 |s 2022-08-17 |w 2019-11-22 |y BK |k EIE | ||
| 952 | |0 0 |1 0 |4 0 |6 515_150000000000000_THO_2010 |7 0 |8 A |9 443146 |a BIBING |b BIBING |d 2019-11-22 |h v.2 |i 4959876 |l 2 |o 515.15 THO 2010 |p 4959876 |r 2025-01-20 |s 2024-06-04 |w 2019-11-22 |y BK |k EIE | ||
| 952 | |0 0 |1 0 |4 0 |6 515_150000000000000_THO_2010 |7 0 |8 A |9 443147 |a BIBING |b BIBING |d 2019-11-22 |h v.2 |i 4959884 |l 2 |m 3 |o 515.15 THO 2010 |p 4959884 |r 2025-01-20 |s 2022-05-05 |w 2019-11-22 |y BK |k EIE | ||
| 952 | |0 0 |1 0 |4 0 |6 515_150000000000000_THO_2010 |7 0 |8 A |9 443148 |a BIBING |b BIBING |d 2019-11-22 |h v.2 |i 4959892 |l 19 |m 7 |o 515.15 THO 2010 |p 4959892 |r 2025-04-11 |s 2025-03-07 |w 2019-11-22 |y BK |k EIE | ||
| 952 | |0 0 |1 0 |3 erb |4 0 |6 515_150000000000000_THO_2010 |7 0 |8 A |9 443149 |a BIBING |b BIBING |d 2019-11-22 |h v.2 |i 5021200 |l 5 |m 1 |o 515.15 THO 2010 |p 5021200 |r 2025-04-22 |s 2025-04-15 |w 2019-11-22 |y BK |z Catalogado en:20131018 |k CCI | ||
| 952 | |0 0 |1 0 |3 erb |4 0 |6 515_150000000000000_THO_2010 |7 0 |8 A |9 443150 |a BIBING |b BIBING |d 2019-11-22 |h v.2 |i 5021219 |l 5 |m 1 |o 515.15 THO 2010 |p 5021219 |r 2025-01-20 |s 2023-05-22 |w 2019-11-22 |y BK |z Catalogado en:20131018 |k CCI | ||
| 952 | |0 0 |1 0 |3 erb |4 0 |6 515_150000000000000_THO_2010 |7 0 |8 A |9 443151 |a BIBING |b BIBING |h v.2 |i 5031613 |l 3 |o 515.15 THO 2010 |p 5031613 |r 2025-01-20 |s 2023-03-15 |w 2019-11-22 |y BK |z Catalogado en:20131206 |k CCI | ||
| 952 | |0 0 |1 0 |3 erb |4 0 |6 515_150000000000000_THO_2010 |7 0 |8 A |9 443152 |a BIBING |b BIBING |h v.2 |i 5031621 |l 3 |m 1 |o 515.15 THO 2010 |p 5031621 |r 2025-01-20 |s 2023-09-12 |w 2019-11-22 |y BK |z Catalogado en:20131206 |k CCI | ||
| 952 | |0 0 |1 0 |3 erb |4 0 |6 515_150000000000000_THO_2010 |7 0 |8 A |9 443153 |a BIBING |b BIBING |h v.2 |i 503163K |l 10 |m 1 |o 515.15 THO 2010 |p 503163K |r 2025-01-20 |s 2024-05-20 |w 2019-11-22 |y BK |z Catalogado en:20131206 |k CCI | ||
| 952 | |0 0 |1 0 |3 erb |4 0 |6 515_150000000000000_THO_2010 |7 0 |8 A |9 443154 |a BIBING |b BIBING |h v.2 |i 5033896 |l 4 |o 515.15 THO 2010 |p 5033896 |r 2025-01-20 |s 2023-05-02 |w 2019-11-22 |y BK |z Catalogado en:20131213 |k EIB | ||
| 952 | |0 0 |1 0 |3 erb |4 0 |6 515_150000000000000_THO_2010 |7 0 |8 A |9 443156 |a BIBING |b BIBING |h v.2 |i 5134277 |l 7 |o 515.15 THO 2010 |p 5134277 |r 2025-01-20 |s 2024-03-14 |w 2019-11-22 |y BK |z Catalogado en:20150109 |k CCL | ||
| 952 | |0 0 |1 0 |3 erb |4 0 |6 515_150000000000000_THO_2010 |7 0 |8 A |9 443157 |a BIBING |b BIBING |h v.2 |i 5134269 |o 515.15 THO 2010 |p 5134269 |r 2025-01-20 |w 2019-11-22 |y BK |z Catalogado en:20150109 |k CCL | ||
| 952 | |0 0 |1 0 |2 ddc |3 erb |4 0 |6 515_150000000000000_THO_2010 |7 0 |8 A |9 443158 |a BIBMEC |b BIBMEC |h v.2 |i 5139791 |o 515.15 THO 2010 |p 5139791 |r 2024-01-19 |w 2019-11-22 |y BK_P |z Catalogado en:20150312 |k MEC | ||
| 952 | |0 0 |1 0 |2 ddc |3 erb |4 0 |6 515_150000000000000_THO_2010 |7 0 |8 A |9 443159 |a BIBMEC |b BIBMEC |h v.2 |i 5139805 |o 515.15 THO 2010 |p 5139805 |r 2024-01-19 |w 2019-11-22 |y BK_P |z Catalogado en:20150312 |k MEC | ||
| 952 | |0 0 |1 0 |2 ddc |3 erb |4 0 |6 515_150000000000000_THO_2010 |7 0 |8 A |9 443160 |a BIBMEC |b BIBMEC |h v.2 |i 5139813 |o 515.15 THO 2010 |p 5139813 |r 2024-01-19 |w 2019-11-22 |y BK_P |z Catalogado en:20150312 |k MEC | ||
| 952 | |0 0 |1 0 |2 ddc |3 erb |4 0 |6 515_150000000000000_THO_2010 |7 0 |8 A |9 443161 |a BIBMEC |b BIBMEC |h v.2 |i 5139821 |o 515.15 THO 2010 |p 5139821 |r 2024-01-19 |w 2019-11-22 |y BK_P |z Catalogado en:20150312 |k MEC | ||
| 952 | |0 0 |1 0 |2 ddc |3 erb |4 0 |6 515_150000000000000_THO_2010 |7 0 |8 A |9 443162 |a BIBMEC |b BIBMEC |h v.2 |i 513983K |o 515.15 THO 2010 |p 513983K |r 2024-01-19 |w 2019-11-22 |y BK_P |z Catalogado en:20150312 |k MEC | ||